MARC

LEADER 00000nam0a2200000 4500
001 350578
005 20231102010321.0
035 |a (RuTPU)RU\TPU\retro\4726 
090 |a 350578 
100 |a 20190208d1939 m y0rusy50 ca 
101 0 |a rus 
102 |a UA 
105 |a a j 001zy 
200 1 |a Просвечивание металлов рентгеновскими лучами  |e [курс лекций]  |f М. С. Овощников 
210 |a Харьков  |c ГОНТИ  |d 1939 
215 |a 143 с.  |c ил. 
316 |5 63413507: КР-5957  |a На форзаце владельческая подпись: "А. Воробьев" 
317 |5 63413507: КР-5957  |a Поступила в НТБ в 1987 г. в дар от вдовы ученого Е. К. Завадовской 
320 |a Библиогр.: с. 139-141 
606 1 |a Просвечивание рентгеновскими лучами  |2 stltpush  |3 (RuTPU)RU\TPU\subj\78662  |9 87862 
610 1 |a рентгеновские лучи 
610 1 |a физика 
610 1 |a свойства 
610 1 |a обнаружение 
610 1 |a методы 
610 1 |a металлы 
610 1 |a сварные соединения 
610 1 |a сварные соединения 
610 1 |a механические свойства 
610 1 |a рентгенограммы 
610 1 |a дефекты 
610 1 |a выявление 
610 1 |a рентгеновские трубки 
610 1 |a кенотроны 
610 1 |a рентгеновские аппараты 
610 1 |a лекции 
610 1 |a учебные пособия 
610 1 |a библиотека А. А. Воробьева 
610 1 |a дары библиотеке 
610 1 |a владельческая надпись 
675 |a 620.179.152.1  |v 4 
700 1 |a Овощников  |b М. С. 
801 1 |a RU  |b 63413507  |c 20190208 
801 2 |a RU  |b 63413507  |c 20200213  |g RCR 
942 |c BK